000 00307 a2200133 4500
999 _c12672
_d12672
008 240704b ||||| |||| 00| 0 eng d
020 _a ‎ 9780262600231
082 _a711.41
100 _aAllan B. Jacobs
245 _aGreat Streets
260 _bThe MIT Press
_c1995
300 _a330p;
942 _2ddc